[Event "Titled Tuesday intern op 14th May Late"]
[Site "Chess.com INT"]
[Date "2024.05.14"]
[Round "7"]
[White "Aggelis, Nikolaos"]
[Black "Fiorito, Joaquin"]
[Result "0-1"]
[WhiteElo "2285"]
[BlackElo "2401"]
[PlyCount "84"]
[EventDate "2024.05.14"]
[EventType "swiss (blitz)"]
[EventRounds "11"]
[EventCountry "USA"]
[SourceTitle "CB21_2024"]
[SourceDate "2024.05.22"]
[SourceVersion "1"]
[SourceVersionDate "2024.05.22"]
[SourceQuality "1"]

1. c4 Nf6 2. Nc3 g6 3. g3 Bg7 4. Bg2 0-0 5. Nf3 d6 6. d4 c6 7. 0-0 Bf5 8. b3 Ne4 9. Bb2 d5 10. Nh4 Nxc3 11. Bxc3 Bg4 12. h3 Be6 13. Qd3 Nd7 14. cxd5 cxd5 15. f4 Nb6 16. f5 Bd7 17. Kh2 e6 18. fxg6 fxg6 19. a4 a5 20. Rxf8+ Qxf8 21. Rf1 Qd6 22. Nxg6 hxg6 23. Qxg6 Be8 24. Qg4 Bf7 25. Bd2 e5 26. Bg5 Qg6 27. dxe5 Bxe5 28. h4 Be6 29. Qf3 Nd7 30. Qe3 Rc8 31. Rd1 Rc3 32. Rd3 Rxd3 33. exd3 d4 34. Qf3 b6 35. Qa8+ Kg7 36. Be4 Qf7 37. Kg2 Bxb3 38. Qc6 Be6 39. h5 Bf5 40. h6+ Kh7 41. Bd5 Qh5 42. Qc8 Qxg5 0-1

[Event "Titled Tuesday intern op 14th May Late"]
[Site "Chess.com INT"]
[Date "2024.05.14"]
[Round "11"]
[White "Erdos, Viktor"]
[Black "Fiorito, Joaquin"]
[Result "0-1"]
[WhiteElo "2546"]
[BlackElo "2401"]
[PlyCount "104"]
[EventDate "2024.05.14"]
[EventType "swiss (blitz)"]
[EventRounds "11"]
[EventCountry "USA"]
[SourceTitle "CB21_2024"]
[SourceDate "2024.05.22"]
[SourceVersion "1"]
[SourceVersionDate "2024.05.22"]
[SourceQuality "1"]

1. c4 Nf6 2. Nc3 g6 3. e4 d6 4. Nf3 Bg7 5. d4 0-0 6. Be2 e5 7. d5 Nbd7 8. Bg5 a6 9. Nd2 Qe8 10. 0-0 h6 11. Be3 Nh7 12. b4 f5 13. f3 f4 14. Bf2 g5 15. c5 h5 16. Nc4 Qg6 17. Kh1 a5 18. cxd6 cxd6 19. Nb5 g4 20. Ncxd6 g3 21. Bg1 Ndf6 22. Nc7 Bh3 23. Ne6 h4 24. Nf5 Rf7 25. Re1 Ng5 26. Bf1 gxh2 27. Bxh2 Bxf5 28. exf5 Qxf5 29. Bd3 e4 30. fxe4 Ngxe4 31. Qf3 Nf2+ 32. Qxf2 Qxd3 33. Rad1 Ng4 34. Qxh4 Qg6 35. Nxf4 Qf5 36. Nh3 Bf6 37. Qg3 Rg7 38. Qd3 Qh5 39. d6 Qxh3 40. Qxh3 Nf2+ 41. Kg1 Nxh3+ 42. Kf1 Ng5 43. bxa5 Bc3 44. Re3 Bxa5 45. d7 Bd8 46. Re8+ Kf7 47. Be5 Rg6 48. Rc1 Ne6 49. Rc8 Rxa2 50. g3 Rg5 51. Bc7 Rd5 52. Bxd8 Rd1# 0-1

[Event "Titled Tuesday intern op 14th May Late"]
[Site "Chess.com INT"]
[Date "2024.05.14"]
[Round "10"]
[White "Fiorito, Joaquin"]
[Black "Novik, Maxim"]
[Result "1-0"]
[WhiteElo "2401"]
[BlackElo "2404"]
[PlyCount "49"]
[EventDate "2024.05.14"]
[EventType "swiss (blitz)"]
[EventRounds "11"]
[EventCountry "USA"]
[SourceTitle "CB21_2024"]
[SourceDate "2024.05.22"]
[SourceVersion "1"]
[SourceVersionDate "2024.05.22"]
[SourceQuality "1"]

1. d4 Nf6 2. Nc3 d5 3. Bf4 c6 4. e3 g6 5. Be2 Bg7 6. h4 h5 7. Nf3 Bg4 8. Ne5 Bxe2 9. Qxe2 Nfd7 10. e4 Nxe5 11. dxe5 d4 12. 0-0-0 c5 13. Qb5+ Nd7 14. Nd5 0-0 15. Bg5 Re8 16. f4 f6 17. g4 fxg5 18. hxg5 hxg4 19. Qe2 Nb6 20. Qxg4 Qc8 21. f5 Nxd5 22. e6 Ne3 23. Qh3 Qc7 24. Qh7+ Kf8 25. Qxg6 1-0

[Event "Titled Tuesday intern op 30th Apr Early"]
[Site "Chess.com INT"]
[Date "2024.04.30"]
[Round "10"]
[White "Fiorito, Joaquin"]
[Black "Novikova, Galina"]
[Result "1-0"]
[WhiteElo "2407"]
[BlackElo "2073"]
[PlyCount "73"]
[EventDate "2024.04.30"]
[EventType "swiss (blitz)"]
[EventRounds "11"]
[EventCountry "USA"]
[SourceTitle "CB19_2024"]
[SourceDate "2024.05.08"]
[SourceVersion "1"]
[SourceVersionDate "2024.05.08"]
[SourceQuality "1"]

1. d4 e5 2. dxe5 d6 3. Nf3 Bg4 4. Bg5 Qd7 5. Nbd2 Nc6 6. exd6 Bxd6 7. h3 Bh5 8. Ne4 f6 9. Nxd6+ cxd6 10. Bf4 0-0-0 11. Nd4 Ne5 12. g4 Bf7 13. Bg2 Ne7 14. Qd2 N7g6 15. Bg3 Kb8 16. b3 h5 17. gxh5 Rxh5 18. f4 Nc6 19. Nxc6+ bxc6 20. 0-0-0 Rb5 21. Kb2 Rb6 22. Qc3 Ne7 23. e4 Kb7 24. Rd2 Bh5 25. Bf3 Bxf3 26. Qxf3 Qe6 27. Rhd1 d5 28. f5 Qd7 29. Qe2 Re8 30. Bf2 Ra6 31. Qg4 Qd6 32. a4 Qe5+ 33. Bd4 Qxe4 34. Qxg7 Qxf5 35. Re1 Qd7 36. Rde2 c5 37. Rxe7 1-0

[Event "Titled Tuesday intern op 30th Apr Early"]
[Site "Chess.com INT"]
[Date "2024.04.30"]
[Round "11"]
[White "Harsh, Suresh"]
[Black "Fiorito, Joaquin"]
[Result "0-1"]
[WhiteElo "2413"]
[BlackElo "2407"]
[PlyCount "152"]
[EventDate "2024.04.30"]
[EventType "swiss (blitz)"]
[EventRounds "11"]
[EventCountry "USA"]
[SourceTitle "CB19_2024"]
[SourceDate "2024.05.08"]
[SourceVersion "1"]
[SourceVersionDate "2024.05.08"]
[SourceQuality "1"]

1. a3 d5 2. Nf3 c5 3. c4 d4 4. b4 Qc7 5. d3 e5 6. g3 Nf6 7. Bg2 cxb4 8. 0-0 a5 9. axb4 Bxb4 10. Ba3 Nc6 11. Bxb4 Nxb4 12. Na3 0-0 13. Nd2 Bd7 14. Nc2 Nxc2 15. Qxc2 a4 16. Rfb1 Ra7 17. Rb4 b5 18. Qb2 bxc4 19. Nxc4 h6 20. Rb6 Be6 21. Rc6 Qe7 22. Nxe5 Bb3 23. Qxd4 Rd8 24. Qc3 Bd5 25. Rc8 Rxc8 26. Qxc8+ Kh7 27. Bxd5 Qxe5 28. Qc5 Qxa1+ 29. Kg2 Rd7 30. Bc6 Rd8 31. Qa7 Qd4 32. Qxf7 Qd6 33. Bf3 a3 34. h4 Rf8 35. Qb3 Kh8 36. h5 Rb8 37. Qf7 Qb4 38. e4 Qb3 39. Qe7 a2 40. e5 Qb4 41. exf6 Qxe7 42. fxe7 a1Q 43. Bc6 Qe5 44. e8Q+ Rxe8 45. Bxe8 Qxe8 46. g4 Qc6+ 47. Kg3 Kg8 48. f3 Kf7 49. Kf4 Qd6+ 50. Ke4 Ke6 51. d4 Qd5+ 52. Ke3 Qb3+ 53. Ke4 Qc2+ 54. Kf4 Kd5 55. Kg3 Kxd4 56. Kf4 Qd2+ 57. Kf5 Qg5+ 58. Ke6 Qf6+ 59. Kd7 Qxf3 60. Ke8 Qxg4 61. Ke7 Qxh5 62. Kf8 g5 63. Kg7 g4 64. Kf6 Qg5+ 65. Ke6 Qe5+ 66. Kf7 Qd6 67. Kg7 Ke5 68. Kf7 Kf5 69. Kg7 Kg5 70. Kf7 Qf6+ 71. Ke8 Qg7 72. Kd8 Kf6 73. Kc8 Ke6 74. Kb8 Kd6 75. Ka8 Kc6 76. Kb8 Qb7# 0-1

[Event "Titled Tuesday intern op 23rd Apr Late"]
[Site "Chess.com INT"]
[Date "2024.04.23"]
[Round "5"]
[White "Diaz Herquinio, Brahian"]
[Black "Fiorito, Joaquin"]
[Result "0-1"]
[WhiteElo "2051"]
[BlackElo "2407"]
[PlyCount "76"]
[EventDate "2024.04.23"]
[EventType "swiss (blitz)"]
[EventRounds "11"]
[EventCountry "USA"]
[SourceTitle "CB18_2024"]
[SourceDate "2024.05.01"]
[SourceVersion "1"]
[SourceVersionDate "2024.05.01"]
[SourceQuality "2"]

1. e4 c5 2. Nf3 d6 3. d4 cxd4 4. Nxd4 Nf6 5. Nc3 a6 6. Bg5 Nc6 7. Qd2 Bd7 8. 0-0-0 e6 9. f4 Be7 10. Nf3 Qa5 11. Kb1 0-0-0 12. Bxf6 Bxf6 13. Ne2 Qxd2 14. Rxd2 Kc7 15. g3 h5 16. Bg2 h4 17. Rhd1 Bc8 18. g4 g6 19. h3 Na5 20. b3 Nc6 21. Ned4 Nxd4 22. Nxd4 b5 23. Re2 Bb7 24. c3 Kb6 25. a3 Rc8 26. Kb2 Rhd8 27. Rd3 a5 28. g5 Bg7 29. e5 Bxg2 30. Rxg2 dxe5 31. fxe5 Bxe5 32. Rg4 b4 33. axb4 axb4 34. Rxh4 bxc3+ 35. Kc2 Ra8 36. Re4 Ra2+ 37. Kxc3 Rc8+ 38. Kb4 Bd6# 0-1

[Event "Titled Tuesday intern op 23rd Apr Late"]
[Site "Chess.com INT"]
[Date "2024.04.23"]
[Round "1"]
[White "Fiorito, Joaquin"]
[Black "Stillger, Bernhard"]
[Result "1-0"]
[WhiteElo "2407"]
[BlackElo "2256"]
[PlyCount "87"]
[EventDate "2024.04.23"]
[EventType "swiss (blitz)"]
[EventRounds "11"]
[EventCountry "USA"]
[SourceTitle "CB18_2024"]
[SourceDate "2024.05.01"]
[SourceVersion "1"]
[SourceVersionDate "2024.05.01"]
[SourceQuality "2"]

1. d4 d5 2. Nc3 Nf6 3. Bf4 c5 4. e4 Nxe4 5. Bb5+ Nc6 6. Nxe4 dxe4 7. Ne2 Bd7 8. dxc5 e6 9. Nc3 Bxc5 10. 0-0 0-0 11. Nxe4 Be7 12. Bd6 Bxd6 13. Qxd6 Qb6 14. Qc5 Rfd8 15. Qxb6 axb6 16. Rfd1 Ne5 17. Bxd7 Rxd7 18. Rxd7 Nxd7 19. a3 Nc5 20. Nxc5 bxc5 21. Rd1 b5 22. Kf1 b4 23. axb4 cxb4 24. Rd4 Rb8 25. Ke2 g5 26. Kd3 Kg7 27. Kc4 Kf6 28. Kb3 Rb5 29. Rxb4 Rf5 30. f3 Re5 31. h4 h6 32. hxg5+ hxg5 33. c4 Re2 34. c5 Ke7 35. Rb7+ Ke8 36. c6 Kd8 37. Rxf7 Rxg2 38. Kc3 Rg3 39. Kd4 g4 40. fxg4 Rxg4+ 41. Kc5 e5 42. b4 e4 43. Kb6 Rg6 44. Kb7 1-0

[Event "Titled Tuesday intern op 16th Apr Early"]
[Site "Chess.com INT"]
[Date "2024.04.16"]
[Round "7"]
[White "Fiorito, Joaquin"]
[Black "Khamdamova, Afruza"]
[Result "0-1"]
[WhiteElo "2407"]
[BlackElo "2300"]
[PlyCount "112"]
[EventDate "2024.04.16"]
[EventType "swiss (blitz)"]
[EventRounds "11"]
[EventCountry "USA"]
[SourceTitle "CB17_2024"]
[SourceDate "2024.04.24"]
[SourceVersion "1"]
[SourceVersionDate "2024.04.24"]
[SourceQuality "1"]

1. d4 Nf6 2. c4 e6 3. Nc3 d5 4. cxd5 exd5 5. Bg5 Be7 6. e3 h6 7. Bh4 0-0 8. Bd3 c6 9. Qc2 Re8 10. Nge2 a5 11. 0-0 Na6 12. a3 Nc7 13. Rae1 Ne6 14. f3 b5 15. Bf2 Ba6 16. Nb1 c5 17. Bf5 cxd4 18. exd4 Rc8 19. Qd2 Bd6 20. Bg3 b4 21. axb4 axb4 22. Bd3 Bxd3 23. Qxd3 Bxg3 24. hxg3 Qd6 25. Nd2 Nh5 26. Kf2 Re7 27. f4 Nf6 28. Nf3 Ng4+ 29. Kg1 f6 30. Nc1 h5 31. Qg6 Nf8 32. Qxh5 Ne3 33. Rf2 Rc2 34. Rxc2 Nxc2 35. Rxe7 Qxe7 36. Qxd5+ Kh8 37. Kh2 Ne3 38. Qh5+ Kg8 39. Nd3 Nf1+ 40. Kh3 Qe4 41. Nc5 Qe2 42. Qd5+ Kh8 43. Qh5+ Kg8 44. Qg4 Qf2 45. Nh2 Ne3 46. Qf3 Qg1 47. d5 f5 48. d6 Kf7 49. d7 Ke7 50. Nd3 Nxd7 51. Nxb4 Nf6 52. Qxe3+ Qxe3 53. Nc6+ Kd6 54. Ne5 Ne4 55. Nhf3 Qf2 56. Nc4+ Kc5 0-1

[Event "Titled Tuesday intern op 02nd Apr Early"]
[Site "Chess.com INT"]
[Date "2024.04.02"]
[Round "7"]
[White "Mika, Tomasz1"]
[Black "Fiorito, Joaquin"]
[Result "0-1"]
[WhiteElo "2143"]
[BlackElo "2407"]
[PlyCount "50"]
[EventDate "2024.04.02"]
[EventType "swiss (blitz)"]
[EventRounds "11"]
[EventCountry "USA"]
[SourceTitle "CB15_2024"]
[SourceDate "2024.04.10"]
[SourceVersion "1"]
[SourceVersionDate "2024.04.10"]
[SourceQuality "1"]

1. Nf3 d5 2. c4 e6 3. e3 Nf6 4. Nc3 c6 5. b3 Be7 6. Bb2 0-0 7. Be2 b6 8. Rg1 c5 9. cxd5 exd5 10. d4 Nc6 11. Ne5 Bb7 12. g4 cxd4 13. exd4 Bd6 14. g5 Ne4 15. Nxd5 Re8 16. Ng4 Bxh2 17. Rg2 Qxd5 18. Rxh2 Nxg5 19. Kf1 Nb4 20. Bc4 Qf5 21. Ne5 Nd5 22. Bd3 Ne3+ 23. Ke2 Nxd1 24. Bxf5 Nxb2 25. Bxh7+ Nxh7 0-1

[Event "Titled Tuesday intern op 02nd Apr Early"]
[Site "Chess.com INT"]
[Date "2024.04.02"]
[Round "2"]
[White "Smieszek, Wojciech"]
[Black "Fiorito, Joaquin"]
[Result "1-0"]
[WhiteElo "2127"]
[BlackElo "2407"]
[PlyCount "69"]
[EventDate "2024.04.02"]
[EventType "swiss (blitz)"]
[EventRounds "11"]
[EventCountry "USA"]
[SourceTitle "CB15_2024"]
[SourceDate "2024.04.10"]
[SourceVersion "1"]
[SourceVersionDate "2024.04.10"]
[SourceQuality "1"]

1. e4 c5 2. Nf3 d6 3. d4 cxd4 4. Nxd4 Nf6 5. Nc3 a6 6. Be3 e6 7. Bd3 h5 8. h3 Be7 9. Qe2 Nc6 10. 0-0-0 Bd7 11. Kb1 Qc7 12. f4 b5 13. e5 dxe5 14. fxe5 Qxe5 15. Nf3 Qc7 16. Ne4 Nd5 17. Bc5 Nf4 18. Qd2 Nxd3 19. Qxd3 0-0-0 20. Bxe7 Nxe7 21. Nd6+ Kb8 22. Nxf7 Nd5 23. Nxh8 Rxh8 24. Rhe1 Rc8 25. c3 Be8 26. Ne5 g5 27. Ka1 Qa5 28. Qd4 h4 29. Nd3 Rc4 30. Qe5+ Nc7 31. Nb4 Qb6 32. Rd8+ Ka7 33. Rd6 Qb7 34. Qe3+ Kb8 35. Rd8+ 1-0

[Event "Vecindario Montalvo Memorial 16th"]
[Site "Vecindario"]
[Date "2024.03.31"]
[Round "9"]
[White "Fiorito, Joaquin"]
[Black "Pleschke, Julius Jonas"]
[Result "1/2-1/2"]
[WhiteElo "2409"]
[BlackElo "1993"]
[PlyCount "111"]
[EventDate "2024.03.23"]
[EventType "swiss"]
[EventRounds "9"]
[EventCountry "ESP"]
[SourceTitle "CB15_2024"]
[SourceDate "2024.04.10"]
[SourceVersion "1"]
[SourceVersionDate "2024.04.10"]
[SourceQuality "1"]

1. d4 Nf6 2. c4 e6 3. Nc3 Bb4 4. e3 0-0 5. Bd2 d5 6. Nf3 c5 7. a3 Bxc3 8. Bxc3 Ne4 9. Rc1 Nxc3 10. Rxc3 cxd4 11. Nxd4 dxc4 12. Bxc4 Bd7 13. Qb3 Nc6 14. Qxb7 Rb8 15. Nxc6 Rxb7 16. Nxd8 Rxb2 17. Nxe6 Rc8 18. Rb3 Rxb3 19. Bxb3 Bxe6 20. Bd1 Rc3 21. a4 Ra3 22. Kd2 Bd7 23. Kc1 Ra2 24. Rf1 Bxa4 25. Kb1 Bb5 26. Kxa2 Bxf1 27. Bf3 Kf8 28. Ka3 Ke7 29. Kb4 Kd6 30. Bb7 Kc7 31. Bd5 Kd6 32. Be4 h6 33. g3 g5 34. Bb7 f6 35. Bf3 Bd3 36. Ba8 Bf5 37. Bf3 Be6 38. Kb5 Bc8 39. Bg2 Kc7 40. Kc5 Bd7 41. Bd5 Be8 42. h4 gxh4 43. gxh4 Bd7 44. f4 f5 45. Bb3 a5 46. Kd5 a4 47. Ba2 Kb6 48. Kd6 Bc8 49. Ke5 Kc5 50. Kf6 a3 51. Kg6 Ba6 52. Kxh6 Bc4 53. Bb1 Bd3 54. Ba2 Bc4 55. Bb1 Bd3 56. Ba2 1/2-1/2

[Event "Titled Tuesday intern op 12th Mar Late"]
[Site "Chess.com INT"]
[Date "2024.03.12"]
[Round "4"]
[White "Fiorito, Joaquin"]
[Black "Esmeraldas Huachi, Anderson Yahir"]
[Result "1-0"]
[WhiteElo "2409"]
[BlackElo "2148"]
[PlyCount "69"]
[EventDate "2024.03.12"]
[EventType "swiss (blitz)"]
[EventRounds "11"]
[EventCountry "USA"]
[SourceTitle "CB12_2024"]
[SourceDate "2023.10.01"]
[SourceVersion "1"]
[SourceVersionDate "2023.10.01"]
[SourceQuality "1"]

1. d4 d5 2. c4 dxc4 3. e4 Nf6 4. e5 Nd5 5. Bxc4 Nb6 6. Bb3 Nc6 7. Be3 Bf5 8. Nc3 e6 9. a3 Qd7 10. Nge2 Be7 11. 0-0 0-0 12. Rc1 Na5 13. Bc2 Bg6 14. Bxg6 hxg6 15. Ne4 Nac4 16. Qc2 Rac8 17. N2c3 c5 18. Rfd1 cxd4 19. Bxd4 Nd5 20. Qe2 Rfd8 21. g3 Ncb6 22. h4 Nxc3 23. Nxc3 Nd5 24. h5 gxh5 25. Qxh5 g6 26. Qh3 Bg5 27. f4 Bxf4 28. gxf4 Nxf4 29. Qf3 Nh5 30. Kg2 Qe7 31. Be3 Rxd1 32. Rxd1 Qc7 33. Rd6 Qc4 34. Rd7 Rf8 35. Bh6 1-0

[Event "Titled Tuesday intern op 12th Mar Late"]
[Site "Chess.com INT"]
[Date "2024.03.12"]
[Round "7"]
[White "Fiorito, Joaquin"]
[Black "Shapiro, Viktor"]
[Result "1-0"]
[WhiteElo "2409"]
[BlackElo "2113"]
[PlyCount "89"]
[EventDate "2024.03.12"]
[EventType "swiss (blitz)"]
[EventRounds "11"]
[EventCountry "USA"]
[SourceTitle "CB12_2024"]
[SourceDate "2023.10.01"]
[SourceVersion "1"]
[SourceVersionDate "2023.10.01"]
[SourceQuality "1"]

1. d4 Nf6 2. c4 c5 3. d5 e6 4. Nc3 exd5 5. cxd5 d6 6. e4 g6 7. f4 Bg7 8. Bb5+ Nfd7 9. a4 0-0 10. Nf3 Na6 11. 0-0 Nb4 12. h3 a6 13. Bc4 Re8 14. Re1 Rb8 15. Be3 Nf6 16. Bf2 Bd7 17. a5 Bb5 18. Bxb5 axb5 19. Qd2 c4 20. Bb6 Qd7 21. e5 Nh5 22. g4 Nd3 23. gxh5 Qxh3 24. Qg2 Qxh5 25. e6 fxe6 26. dxe6 Nxf4 27. Qg3 Nd3 28. Re2 Rf8 29. Rf1 Rf5 30. e7 Re8 31. Rh2 Be5 32. Rxh5 Bxg3 33. Rxf5 gxf5 34. Nd4 Be5 35. Nxf5 b4 36. Ne4 Nxb2 37. Bd8 c3 38. Nfxd6 Bxd6 39. Nxd6 c2 40. Nxe8 Nd1 41. Nf6+ Kg7 42. e8Q c1Q 43. Qg8+ Kh6 44. Qxh7+ Kg5 45. Qh5# 1-0

[Event "Titled Tuesday intern op 27th Feb Late"]
[Site "Chess.com INT"]
[Date "2024.02.27"]
[Round "3"]
[White "Duda, Jan Krzysztof"]
[Black "Fiorito, Joaquin"]
[Result "1-0"]
[WhiteElo "2732"]
[BlackElo "2409"]
[PlyCount "53"]
[EventDate "2024.02.27"]
[EventType "swiss (blitz)"]
[EventRounds "11"]
[EventCountry "USA"]
[SourceTitle "CB10_2024"]
[SourceDate "2024.03.06"]
[SourceVersion "1"]
[SourceVersionDate "2024.03.06"]
[SourceQuality "1"]

1. e4 c5 2. Nf3 d6 3. d4 cxd4 4. Nxd4 Nf6 5. Nc3 a6 6. h4 e5 7. Nb3 Be6 8. f4 exf4 9. Bxf4 Nc6 10. Qd2 Be7 11. 0-0-0 Ne5 12. Nd4 Qc7 13. g3 Bg4 14. Be2 Bxe2 15. Qxe2 Rc8 16. Nf5 g6 17. Bxe5 dxe5 18. Ne3 Qa5 19. Ned5 Nxd5 20. Rxd5 Qc7 21. Rd3 Kf8 22. Nd5 Qa5 23. Kb1 h5 24. Rf1 Ke8 25. Rfd1 Rd8 26. Qf2 Qc5 27. Nf6+ 1-0

[Event "Titled Tuesday intern op 27th Feb Late"]
[Site "Chess.com INT"]
[Date "2024.02.27"]
[Round "11"]
[White "Grigoriants, Sergey"]
[Black "Fiorito, Joaquin"]
[Result "1-0"]
[WhiteElo "2541"]
[BlackElo "2409"]
[PlyCount "99"]
[EventDate "2024.02.27"]
[EventType "swiss (blitz)"]
[EventRounds "11"]
[EventCountry "USA"]
[SourceTitle "CB10_2024"]
[SourceDate "2024.03.06"]
[SourceVersion "1"]
[SourceVersionDate "2024.03.06"]
[SourceQuality "1"]

1. e4 c5 2. Nc3 d6 3. f4 g6 4. Nf3 Bg7 5. d4 cxd4 6. Nxd4 Nc6 7. Be3 Nf6 8. Be2 0-0 9. 0-0 Bd7 10. Nb3 Rc8 11. Kh1 a6 12. a4 Na5 13. e5 Ne8 14. Nd5 Nc4 15. Bxc4 Rxc4 16. Bb6 Qb8 17. Nd2 Rc6 18. Nxe7+ Kh8 19. Nxc6 Bxc6 20. Nc4 dxe5 21. Nxe5 Nf6 22. Nxc6 bxc6 23. a5 Ne4 24. Qd3 f5 25. Qxa6 c5 26. c3 Qd6 27. Qe2 Qe7 28. Rae1 Qb7 29. Qf3 c4 30. Re2 Qc6 31. Rd1 Re8 32. Kg1 Bf6 33. h3 Be7 34. Qe3 Kg8 35. Qd4 Rb8 36. Qd5+ Qxd5 37. Rxd5 Kf7 38. Rd4 Ke6 39. Rdxe4+ fxe4 40. Rxe4+ Kd6 41. Rxc4 Kd5 42. Rd4+ Kc6 43. Re4 Bd6 44. Kf2 Kd5 45. Kf3 Rf8 46. g3 g5 47. b4 h5 48. Rd4+ Kc6 49. Rxd6+ Kxd6 50. Bc5+ 1-0

[Event "Titled Tuesday intern op 27th Feb Late"]
[Site "Chess.com INT"]
[Date "2024.02.27"]
[Round "5"]
[White "Korol, Dimitry"]
[Black "Fiorito, Joaquin"]
[Result "0-1"]
[WhiteElo "2287"]
[BlackElo "2409"]
[PlyCount "74"]
[EventDate "2024.02.27"]
[EventType "swiss (blitz)"]
[EventRounds "11"]
[EventCountry "USA"]
[SourceTitle "CB10_2024"]
[SourceDate "2024.03.06"]
[SourceVersion "1"]
[SourceVersionDate "2024.03.06"]
[SourceQuality "1"]

1. d4 g6 2. c4 Bg7 3. Nf3 d6 4. Nc3 Nc6 5. e3 e5 6. Be2 Nge7 7. 0-0 0-0 8. h3 a5 9. d5 Nb8 10. e4 Nd7 11. Ne1 f5 12. Nd3 b6 13. f3 f4 14. Bd2 Nf6 15. Qc2 g5 16. a3 h5 17. Nf2 Ng6 18. b4 g4 19. fxg4 hxg4 20. hxg4 Nh7 21. Nb5 axb4 22. axb4 Rxa1 23. Rxa1 Bd7 24. c5 f3 25. gxf3 Bxb5 26. Bxb5 Nh4 27. Be2 Nxf3+ 28. Bxf3 Rxf3 29. cxd6 Qh4 30. Be1 cxd6 31. Qc8+ Nf8 32. Ra7 Qg3+ 33. Kf1 Qh3+ 34. Ke2 Re3+ 35. Kd2 Qf3 36. Qc4 Bh6 37. g5 Bxg5 0-1